<?xml version="1.0" encoding="UTF-8"?>
<record
    xmlns:xsi="http://www.w3.org/2001/XMLSchema-instance"
    xsi:schemaLocation="http://www.loc.gov/MARC21/slim http://www.loc.gov/standards/marcxml/schema/MARC21slim.xsd"
    xmlns="http://www.loc.gov/MARC21/slim">

  <leader>01806cam a22002415a 4500</leader>
  <controlfield tag="001">18016051</controlfield>
  <controlfield tag="005">20161015152241.0</controlfield>
  <controlfield tag="008">140123s2015    enka   frb    001 0 eng d</controlfield>
  <datafield tag="010" ind1=" " ind2=" ">
    <subfield code="a">  2013046151</subfield>
  </datafield>
  <datafield tag="020" ind1=" " ind2=" ">
    <subfield code="a">9780415686617 (paperback)</subfield>
  </datafield>
  <datafield tag="040" ind1=" " ind2=" ">
    <subfield code="a">DLC</subfield>
    <subfield code="b">eng</subfield>
    <subfield code="c">DLC</subfield>
    <subfield code="d">DLC</subfield>
    <subfield code="d">EG-ScBUE</subfield>
  </datafield>
  <datafield tag="082" ind1="0" ind2="4">
    <subfield code="a">070.49</subfield>
    <subfield code="b">BRA</subfield>
    <subfield code="2">22</subfield>
  </datafield>
  <datafield tag="100" ind1="1" ind2=" ">
    <subfield code="a">Bradford, Julie.</subfield>
  </datafield>
  <datafield tag="245" ind1="1" ind2="0">
    <subfield code="a">Fashion journalism /</subfield>
    <subfield code="c">Julie Bradford.</subfield>
  </datafield>
  <datafield tag="260" ind1=" " ind2=" ">
    <subfield code="a">Abingdon :</subfield>
    <subfield code="b">Routledge,</subfield>
    <subfield code="c">2015.</subfield>
  </datafield>
  <datafield tag="300" ind1=" " ind2=" ">
    <subfield code="a">xiv, 266 p. :</subfield>
    <subfield code="b">ill. ;</subfield>
    <subfield code="c">25 cm.</subfield>
  </datafield>
  <datafield tag="504" ind1=" " ind2=" ">
    <subfield code="a">Includes bibliographical references (pages 253-263) and index.</subfield>
  </datafield>
  <datafield tag="520" ind1=" " ind2=" ">
    <subfield code="a">"Fashion Journalism is an introduction to how fashion journalism operates and how to report on fashion. It encompasses skills for print and online media, and includes both written and visual reports (video, photography). Taking a strong real world approach, this textbook includes many case studies and interviews with fashion journalists working for newspapers, magazines, broadcast and websites, and with stylists, PR executives, photographers and bloggers. Their explanations of their roles and their practical tips and advice will be accompanied by analysis of examples of their work. The business of fashion and fashion PR will be explained for the trainee journalist, with the focus of the book being on offering practical guidance on how to report effectively on fashion - from sources and research to writing and layout. Each chapter will include suggested exercises and further reading. Covering every aspect from the law and ethics to using social media, from fashion theory to reporting the catwalk, this text offers everything a student or trainee needs to know to excel in fashion journalism"--</subfield>
  </datafield>
  <datafield tag="650" ind1=" " ind2="0">
    <subfield code="a">Fashion writing.</subfield>
    <subfield code="2">BUEsh</subfield>
  </datafield>
  <datafield tag="651" ind1=" " ind2=" ">
    <subfield code="2">BUEsh</subfield>
  </datafield>
  <datafield tag="653" ind1=" " ind2=" ">
    <subfield code="b">COMAME</subfield>
    <subfield code="c">October2016</subfield>
  </datafield>
  <datafield tag="942" ind1=" " ind2=" ">
    <subfield code="2">ddc</subfield>
  </datafield>
  <datafield tag="999" ind1=" " ind2=" ">
    <subfield code="c">22589</subfield>
    <subfield code="d">22561</subfield>
  </datafield>
  <datafield tag="952" ind1=" " ind2=" ">
    <subfield code="0">0</subfield>
    <subfield code="1">0</subfield>
    <subfield code="2">ddc</subfield>
    <subfield code="4">0</subfield>
    <subfield code="7">0</subfield>
    <subfield code="8">Academic</subfield>
    <subfield code="a">MAIN</subfield>
    <subfield code="b">MAIN</subfield>
    <subfield code="c">LOW</subfield>
    <subfield code="d">2016-10-15</subfield>
    <subfield code="e">Purchase</subfield>
    <subfield code="g">378.00</subfield>
    <subfield code="h">5138</subfield>
    <subfield code="l">0</subfield>
    <subfield code="o">070.49 BRA</subfield>
    <subfield code="p">000034089</subfield>
    <subfield code="r">2025-07-15 00:00:00</subfield>
    <subfield code="v">472.50</subfield>
    <subfield code="y">BB</subfield>
  </datafield>
</record>
